Донесение польского консула в Кишиневе А. Понсе-де-Сандона в посольство Республики Польша в Бухаресте (Румыния) о транспортировк...

RUSMARC
00004025cbm0a2200277#x 450
001d00fb3a3-c74f-4036-800a-278c00173140
00520200417112258.0
100##$a20200331j19380927k###0rusy50 ca
1010#$apol
102##$aRO
1220#$ad19380927##
2001#$aДонесение польского консула в Кишиневе А. Понсе-де-Сандона в посольство Республики Польша в Бухаресте (Румыния) о транспортировке советских военных грузов для Чехословакии через территорию Румынии
$j27 сентября 1938 г.
251##$cДокумент
300##$aПодлинник
461#0$12001
$aФ. 308к
$1251
$cФонд
$1852
$j308к
462#0$12001
$aОп. 12
$1251
$cОпись
$1852
$j12
462#0$12001
$aД. 278
$vЛ. 60-61
$1251
$cДело
$1852
$j278
605##$aВторая мировая война в архивных документах (Комплекс оцифрованных архивных документов, кино- и фотоматериалов)
$lколлекция
$2prlib_sh
$3LIBNET\UAF\0000088514
617##$aСССР
$f1938
$2prlib_sh
617##$aПольша
$f1938
$2prlib_sh
617##$aРумыния
$f1938
$2prlib_sh
801#0$aRU
$bПБ им. Б.Н. Ельцина
$c20200331
801#1$aRU
$bПБ им. Б.Н. Ельцина
$c20200331
$2rusmarc
801#2$aRU
$bПБ им. Б.Н. Ельцина
$c20200417
$2rusmarc
850##$aРоссийский государственный военный архив
852##$aРГВА
$jЛ. 60-61
035##$aLIBNET\0001067795
937##$d144049914
$hРоссийский государственный военный архив
8564#$uhttp://readingroom.main.prlib.ru/item.aspx?id_node=n144049914&mode=full
Формат отображения